General, Organic, and Biochemistry / (Record no. 11443)
[ view plain ]
| 000 -LEADER | |
|---|---|
| fixed length control field | 01332nac a22003251i 4500 |
| 003 - CONTROL NUMBER IDENTIFIER | |
| control field | EG-ScBUE |
| 005 - DATE AND TIME OF LATEST TRANSACTION | |
| control field | 20260104104026.0 |
| 008 - FIXED-LENGTH DATA ELEMENTS--GENERAL INFORMATION | |
| fixed length control field | 090427t2008 enka g b 001 0 eng d |
| 020 ## - INTERNATIONAL STANDARD BOOK NUMBER | |
| International Standard Book Number | 9780071287821 |
| 020 ## - INTERNATIONAL STANDARD BOOK NUMBER | |
| International Standard Book Number | 0071287825 |
| 040 ## - CATALOGING SOURCE | |
| Original cataloging agency | EG-ScBUE |
| Language of cataloging | eng |
| Description conventions | rda |
| Transcribing agency | EG-ScBUE |
| Modifying agency | EG-ScBUE |
| 082 04 - DEWEY DECIMAL CLASSIFICATION NUMBER | |
| Classification number | 547 |
| Item number | DEN |
| Edition number | 22 |
| 100 1# - MAIN ENTRY--PERSONAL NAME | |
| Personal name | Denniston, Katherine J., |
| Relator term | author. |
| 9 (RLIN) | 4369 |
| 245 10 - TITLE STATEMENT | |
| Title | General, Organic, and Biochemistry / |
| Statement of responsibility, etc | Katherine J. Denniston, Towson University, Joseph J. Topping, Towson University, Robert L. Caret, Towson University. |
| 250 ## - EDITION STATEMENT | |
| Edition statement | Sixth edition, |
| Remainder of edition statement | McGraw- Hill international edition. |
| 264 #1 - PUBLICATION, DISTRIBUTION, ETC. (IMPRINT) | |
| Place of publication, distribution, etc | Boston ; |
| -- | London : |
| Name of publisher, distributor, etc | McGraw-Hill Higher Education, |
| Date of publication, distribution, etc | [2008] |
| 264 #4 - PUBLICATION, DISTRIBUTION, ETC. (IMPRINT) | |
| Date of publication, distribution, etc | c2008 |
| 300 ## - PHYSICAL DESCRIPTION | |
| Extent | 1 volume (various pagings) : |
| Other physical details | illustrations (some color) ; |
| Dimensions | 29 cm |
| 336 ## - CONTENT TYPE | |
| Source | rdacontent |
| Content type term | text |
| Content type code | txt |
| 337 ## - MEDIA TYPE | |
| Media type term | unmediated |
| Source | rdamedia |
| Media type code | n |
| 338 ## - CARRIER TYPE | |
| Carrier type term | volume |
| Carrier type code | nc |
| Source | rdacarrier |
| 504 ## - BIBLIOGRAPHY, ETC. NOTE | |
| Bibliography, etc | Includes bibliographical references and index. |
| 650 #7 - SUBJECT ADDED ENTRY--TOPICAL TERM | |
| Topical term or geographic name as entry element | Chemistry, Organic |
| Form subdivision | Textbooks. |
| Source of heading or term | BUEsh |
| 9 (RLIN) | 4370 |
| 650 #7 - SUBJECT ADDED ENTRY--TOPICAL TERM | |
| Topical term or geographic name as entry element | Biochemistry |
| Form subdivision | Textbooks. |
| Source of heading or term | BUEsh |
| 9 (RLIN) | 4371 |
| 655 ## - INDEX TERM--GENRE/FORM | |
| Form subdivision | Reading book |
| 700 1# - ADDED ENTRY--PERSONAL NAME | |
| Personal name | Topping, Joseph J., |
| Relator term | author. |
| 9 (RLIN) | 4372 |
| 700 1# - ADDED ENTRY--PERSONAL NAME | |
| Personal name | Caret, Robert L., |
| Dates associated with a name | 1947- |
| Relator term | author. |
| 9 (RLIN) | 4373 |
| 856 41 - ELECTRONIC LOCATION AND ACCESS | |
| Materials specified | Table of contents |
| Uniform Resource Identifier | <a href="http://www.loc.gov/catdir/toc/ecip0515/2005018776.html">http://www.loc.gov/catdir/toc/ecip0515/2005018776.html</a> |
| 942 ## - ADDED ENTRY ELEMENTS (KOHA) | |
| Koha item type | Book - Borrowing |
| Source of classification or shelving scheme | Dewey Decimal Classification |
| Withdrawn status | Lost status | Source of classification or shelving scheme | Materials specified (bound volume or other part) | Damaged status | Not for loan | Collection code | Home library | Current library | Shelving location | Date acquired | Source of acquisition | Cost, normal purchase price | Serial Enumeration / chronology | Total Checkouts | Full call number | Barcode | Date last seen | Koha item type | Date checked out |
|---|---|---|---|---|---|---|---|---|---|---|---|---|---|---|---|---|---|---|---|
| Dewey Decimal Classification | Baccah | Central Library | Central Library | First floor | 27/04/2009 | Purchase | 320.00 | 6996 | 547 DEN | 000015573 | 15/07/2025 | Book - Borrowing | |||||||
| Dewey Decimal Classification | Baccah | Central Library | Central Library | First floor | 27/04/2009 | Purchase | 320.00 | 6996 | 1 | 547 DEN | 000015574 | 15/07/2025 | Book - Borrowing | 09/10/2019 |